Hymnes nationaux #1 Europe - Statistiques

Statistiques générales
  • Ce quiz a été pris 113 fois
  • Le résultat moyen est 18 sur 30
Statistiques - réponses
Titre Année d'adoption Réponse % Correct
La Marseillaise 1795 France
100%
A Portuguesa 1911 Portugal
100%
God Save the Queen 1745 Royaume-Uni
99%
Das Lied der Deutschen 1922 Allemagne
98%
Cantique suisse 1961 Suisse
94%
Fratelli d'Italia 1946 Italie
93%
La Brabançonne 1860 Belgique
89%
Chtche ne vmerla Ukraïna 1917 Ukraine
88%
Marcha Real 1770 Espagne
86%
Land der Berge, Land am Strom 1946 Autriche
82%
Desteapta-te, romane! 1989 Roumanie
70%
Inno e Marcia Pontificale 1950 Vatican
70%
Gossoudarstvennyï gimn Rossiïskoï Federatsii 2000 Russie
69%
Inno Nazionale della Repubblica 1894 Saint-Marin
62%
Wilhelmus van Nassouwe 1932 Pays-Bas
60%
L-Innu Malti 1964 Malte
57%
Mazurek Dąbrowskiego 1926 Pologne
53%
Amhrán na bhFiann 1926 Irlande
46%
Lofsöngur 1944 Islande
46%
El Gran Carlmany 1921 Andorre
44%
Ja, vi elsker dette landet 1864 Norvège
44%
Der er et yndigt land 1835 Danemark
39%
Ýmnos is tin Elefterían 1865 Grèce
36%
Zdravljica 1989 Slovénie
36%
Maamme 1867 Finlande
35%
Bože Pravde 1904 Serbie
33%
Mu isamaa, mu õnn ja rõõm 1920 Estonie
31%
Du gamla, Du fria 1844 Suède
29%
Ons Heemecht 1895 Luxembourg
28%
Mila Rodino 1964 Bulgarie
18%
Aucun quiz correspondant
Distribution des résultats
% des personnes avec chaque résultat
Percentile par nombre de réponses
Votre historique - résultats
Vous n’avez pas pris ce quiz